UBT Library

Microbiology an Introduction (Record no. 54610)

000 -LEADER
fixed length control field 00304nam a22001337a 4500
008 - FIXED-LENGTH DATA ELEMENTS--GENERAL INFORMATION
fixed length control field 190306b xxu||||| |||| 00| 0 eng d
020 ## - INTERNATIONAL STANDARD BOOK NUMBER
International Standard Book Number 9780805384802
041 ## - LANGUAGE CODE
Language code of text/sound track or separate title eng
080 ## - UNIVERSAL DECIMAL CLASSIFICATION NUMBER
Edition identifier 4th
Universal Decimal Classification number 579
100 ## - Rafti
Rafti 9
101 ## - Shkurtesa
Shkurtesa MIK
245 ## - TITLE STATEMENT
Title Microbiology an Introduction
Statement of responsibility, etc Tortora,G.J
942 ## - ADDED ENTRY ELEMENTS (KOHA)
Source of classification or shelving scheme
Item type Books
Holdings
Withdrawn status Lost status Source of classification or shelving scheme Damaged status Not for loan Collection code Permanent location Current location Shelving location Date acquired Total Checkouts Full call number Barcode Date last seen Price effective from Koha item type
          Koleksioni i përgjithshem UBT - Lipjan UBT - Lipjan Koleksioni i përgjithshem 03/06/2019   579 TOR 002-3023181 03/06/2019 03/06/2019 Books
          Koleksioni i përgjithshem UBT - Lipjan UBT - Lipjan Koleksioni i përgjithshem 06/07/2021   579 TOR 002-7003670 06/07/2021 06/07/2021 Books
UBT Library © 2015-2024. All rights reserved University Education for Business and Technology